000 00442nam a2200181Ia 4500
003 LK-CoDNM
008 010623t1916 xxu||||| |||| 00| 1 eng d
040 _aLK-CoDNM
_dLK-CoDNM
_eLK-CoDNM
041 _aeng
080 _a50
_bB31
100 _aFonseka,J.M
_eed.
245 _aRoyal College Magazine
260 _bFrewin Company
_aColombo
_c1916
300 _b52P., 20 cm
650 _aKotte
700 _aRathnayaka,V.I
_eed.
942 _cBK
999 _c88742
_d88742